000 00565nam a22001937a 4500
999 _c525895
_d525895
003 NUST
005 20190705072832.0
008 190705b ||||| |||| 00| 0 eng d
038 _aMr.Atta
082 _a510
100 _aAwan, Muhammad Afzal
_916841
245 _aRayleigh-Lamb Frequency Spectrum for Isotropic Material /
_cMuhmmad Afzal Awan
260 _aIslamabad :
_bCAMP - NUST,
_c2012.
300 _a49 p. ; ill. ;
_c30cm.
500 _aHardcover.
650 _aMathematics M.Phil Thesis
_916594
700 _aDr.Moniba Shams
_916842
942 _2ddc
_cTHE